| 000 | 00778nas a2200253 4500 | ||
|---|---|---|---|
| 001 | BR2012003682 | ||
| 003 | BR-BrBNA | ||
| 005 | 20231205120600.0 | ||
| 007 | ta | ||
| 008 | 230509b bl.|||p| |||| 00| 00por d | ||
| 040 |
_aBR-BrBNA _bpor _cBiblioteca Nacional de Agricultura |
||
| 041 | _a(Pt) | ||
| 072 | _aE50 | ||
| 100 | 1 | _aFuke, G. | |
| 100 | 1 | _aFuke, K. | |
| 245 | 1 | _aCaracterísticas de portadores de diabetes mellitus, da Associação de Diabéticos de Santa Maria, RS | |
| 650 | _aDIABETE | ||
| 650 | _aPESQUISA SOCIAL | ||
| 650 | _aTRATAMENTO | ||
| 650 | _aSAÚDE PÚBLICA | ||
| 773 | 0 |
_tHigiene Alimentar (Brazil) _xISSN 0101-9171 _g(Jan-Feb 2012), v. 26(204-205) p. 95-99 _wBR2012003682 |
|
| 909 |
_a202311 _bLúcia _c55 _dLúcia Elande |
||
| 942 |
_2AGRIS _n0 _cANA |
||
| 999 |
_c219253 _d219253 |
||